Football par lettre - J - Statistiques

Statistiques générales
  • Ce quiz a été pris 534 fois
  • Le résultat moyen est 6 sur 10
Statistiques - réponses
Indices Solutions % Correct
Prénom de Mourihno José
95%
Suffixe commun de Neymar et de Vinicius Junior
95%
Surnom d'un club italien qui vu éclore des joueurs comme Michel Platini ou encore Alessandro Del Piero Juventus
88%
3ème au ballon d'or 2022 Jorginho
73%
Les Samurai Blue Japon
65%
Les Reggae Boyz Jamaïque
63%
Entraîneur portugais vainqueur de la Ligue 1 avec Monaco en 2017 Jardim
63%
Brésilien vainqueur de la Coupe du Monde 1970, auteur de 33 buts en 81 sélections et bien connus des Marseillais au milieu des années 70 Jairzinho
41%
Les Orlando Pirates jouent dans cette ville Johannesbourg
38%
Actuel numéro 16 du Réal Madrid (saison 2021-2022) Jovic
25%
Aucun quiz correspondant
Distribution des résultats
% des personnes avec chaque résultat
Percentile par nombre de réponses
Votre historique - résultats
Vous n’avez pas pris ce quiz